History Quiz

Random History Quiz
Score 0/10 Timer 05:00
0 Plays Today
School Answer % Correct
Penn State (Chapter Name)Nittany
75%
Penn State (Year)2000
62.5%
York College of Pennsylvania (Year)2004
62.5%
Northeastern (Year)2005
62.5%
UNH (Year)2006
62.5%
Duke (Year)2006
50%
Northeastern (Chapter Name)Nu Epsilon Zeta
50%
York College of Pennsylvania Chapter Name)Omega Theta Chi
37.5%
Duke (Chapter Name)Phi Alpha
37.5%
UNH (Chapter Name)Zeta Chi
37.5%

You're not logged in!

Compare scores with friends on all Sporcle quizzes.
OR
Log In

Sporcle TV

Today on Sporcle TV


Watch our educational content, quiz creation guides, and fun videos on Sporcle TV.

Show Comments

Extras

Created Oct 17, 2013ReportNominate
Tags:Active, ADP, Affiliate, school

Top Quizzes Today


Score Distribution

Paid Content

Your Account Isn't Verified!

In order to create a playlist on Sporcle, you need to verify the email address you used during registration. Go to your Sporcle Settings to finish the process.

Report this User

Report this user for behavior that violates our Community Guidelines.

Details: